000 00961nam a2200253Ia 4500
003 OSt
005 20220923221009.0
006 a|||||r|||| 00| 0
007 ta
008 220922b |||||||| |||| 00| 0 hin d
024 _a193,534
037 _cTextual
040 _aARTS
_cARTS
_bhin
041 _2hin
_ahin
082 _aO152,3:gN, K6
100 _aगुर्टू, अरविन्द, संपा.
245 0 _aहिन्दी के दस सर्वश्रेष्ठ कथात्मक प्रयोग
246 _aHindī ke das sarvashreṣhṭha kathātmak prayoga
260 _aदिल्ली
_b रणजीत प्रिंटर्स एण्ड पब्लि0
_c1966
300 _a232पृ.
_ccm.
650 _aहिन्दी साहित्य
_9156264
942 _hO152,3:gN, K6
_cTEXL
_2CC
999 _c345982
_d345982